{"text_format":"3","workbook":"xls","n_sheets":3,"sheets":["Sheet1","Sheet2","Sheet3"],"read":"whole","date_system":"1900","formulas":"cached_only"}

{"sheet":"Sheet1","index":0,"n_rows":282,"n_cols":8,"rows_kept":282,"flags":["formulas_cached_only"]}
["单号","客户名称","产品名称","规格","单位","数量","单价","金额"]
["SC201505270011","****电子有限公司","螺塞",null,"个",1,10,10]
["SC201505270011","****电子有限公司","导线扎带",null,"个",1,17,17]
["SC201505270011","****电子有限公司","盖板",null,"个",1,51,51]
["SC201505270011","****电子有限公司","盖罩",null,"个",1,52,52]
["SC201505270011","****电子有限公司","液压油",null,"个",1,86,86]
["SC201505270011","****电子有限公司","定位条",null,"个",1,53,53]
["SC201505270011","****电子有限公司","密封环",null,"个",1,54,54]
["SC201505270011","****电子有限公司","橡胶垫圈",null,"个",2,27,54]
["SC201505270011","****电子有限公司","插头外壳",null,"个",1,57,57]
["SC201505270011","****电子有限公司","支架",1718880260,"个",1,58,58]
["SC201505270011","****电子有限公司","涨紧轮",null,"个",3,19,57]
["SC201505270011","****电子有限公司","插座",null,"个",1,11,11]
["SC201505270011","****电子有限公司","螺栓",null,"个",1,59,59]
["SC201505270011","****电子有限公司","O形环",null,"个",2,30,60]
["SC201505270011","****电子有限公司","螺栓",null,"个",1,60,60]
["SC201505270011","****电子有限公司","饰盖",null,"个",1,62,62]
["SC201505270011","****电子有限公司","密封环",null,"个",1,63,63]
["SC201505270011","****电子有限公司","螺母",null,"个",2,31,62]
["SC201505270011","****电子有限公司","格栅",null,"个",1,356,356]
["SC201505270011","****电子有限公司","纵梁",null,"件",1,359,359]
["SC201505270011","****电子有限公司","把手",null,"个",1,362,362]
["SC201505270011","****电子有限公司","轴密封环",null,"个",4,46,184]
["SC201505270011","****电子有限公司","密封环",null,"个",2,7,14]
["SC201505270011","****电子有限公司","挡板 ",null,"个",1,370,370]
["SC201505270011","****电子有限公司","传感器",null,"个",1,374,374]
["SC201505270011","****电子有限公司","饰板",null,"个",1,296,296]
["SC201505270011","****电子有限公司","盖板",null,"个",1,299,299]
["SC201505270011","****电子有限公司","车窗玻璃",null,"个",1,98,98]
["SC201505270011","****电子有限公司","润滑油",null,"千克",2,49,98]
["SC201505270011","****电子有限公司","夹子",null,"个",10,9,90]
["SC201505270011","****电子有限公司","螺栓",null,"个",10,9,90]
["SC201505270011","****电子有限公司","螺母",null,"个",2,45,90]
["SC201505270011","****电子有限公司","滤清器","C18114","只",200,37,7400]
["SC201505270011","****电子有限公司","密封衬垫",20853,"个",2,8,16]
["SC201505270011","****电子有限公司","减震器",null,"个",1,239,239]
["SC201505270011","****电子有限公司","装饰格栅",null,"个",1,249,249]
["SC201505270011","****电子有限公司","饰板",null,"个",1,249,249]
["SC201505270011","****电子有限公司","字符行",null,"个",1,499,499]
["SC201505270011","****电子有限公司","阻流板",null,"个",1,783,783]
["SC201505270011","****电子有限公司","滤清器","C43139","只",10,67,670]
["SC201505270011","****电子有限公司","密封条",null,"个",1,550,550]
["SC201505270011","****电子有限公司","锁止器",null,"个",1,110,110]
["SC201505270011","****电子有限公司","灯座",null,"个 ",1,112,112]
["SC201505270011","****电子有限公司","操作杆",null,"个",1,112,112]
["SC201505270011","****电子有限公司","滤清器","CUK2733","只",20,140,2800]
["SC201505270011","****电子有限公司","滤清器","CUK3139","只",50,36,1800]
["SC201505270011","****电子有限公司","侧围",null,"个",1,699,699]
["SC201505270011","****电子有限公司","滤清器","C18114","只",57,64,3648]
["SC201505270011","****电子有限公司","机油滤芯",null,"个",20,55,1100]
["SC201505270011","****电子有限公司","防护板",null,"个",1,79,79]
["SC201505270011","****电子有限公司","固定销",null,"个",1,79,79]
["SC201505270011","****电子有限公司","软管",null,"个",1,142,142]
["SC201505270011","****电子有限公司","螺钉",null,"个",10,74,740]
["SC201505270011","****电子有限公司","滤清器","C14114","只",20,118,2360]
["SC201505270011","****电子有限公司","盖板",null,"个",1,248,248]
["SC201505270011","****电子有限公司","轿车车内用新鲜空",null,"个",1,15,15]
["SC201505270011","****电子有限公司","螺纹盘",null,"个",1,15,15]
["SC201505270011","****电子有限公司","O形环",null,"个",2,28,56]
["SC201505270011","****电子有限公司","水箱水",null,"千克",1,49,49]
["SC201505270022","北京****股份公司","盖板",17188000059999,"个",2,198,396]
["SC201505270022","北京****股份公司","塑料保",null,"个",1,750,750]
["SC201505270022","北京****股份公司","定位件",null,"个",1,189,189]
["SC201505270022","北京****股份公司","牌照灯",null,"个",1,94,94]
["SC201505270022","北京****股份公司","软管",null,"个",1,215,215]
["SC201505270022","北京****股份公司","定位件",null,"个",1,397,397]
["SC201505270022","北京****股份公司","支架",null,"个",1,115,115]
["SC201505270022","北京****股份公司","紧固端",null,"个",1,143,143]
["SC201505270022","北京****股份公司","滤清器","XU721/3X","只",30,61,1830]
["SC201505270022","北京****股份公司","饰条",null,"个",1,221,221]
["SC201505270022","北京****股份公司","螺母",null,"个",1,31,31]
["SC201505270022","北京****股份公司","嵌条门槛",null,"个",1,117,117]
["SC201505270022","北京****股份公司","饰盖塞",null,"个",1,67,67]
["SC201505270033","****公司北京分公司","车灯",710815023006,"个",12,2654,31848]
["SC201505270033","****公司北京分公司","转向助力泵",null,"件",1,445,445]
["SC201505270033","****公司北京分公司","护条",null,"个",1,458,458]
["SC201505270033","****公司北京分公司","滤清器","C25110-2","只",5,95,475]
["SC201505270033","****公司北京分公司","自动变速箱油",null,"个",5,93,465]
["SC201505270033","****公司北京分公司","储液罐",null,"个",1,469,469]
["SC201505270033","****公司北京分公司","螺母",null,"个",2,22,44]
["SC201505270033","****公司北京分公司","螺栓",null,"个",1,43,43]
["SC201505270033","****公司北京分公司","总成",null,"个",1,2080,2080]
["SC201505270033","****公司北京分公司","导线组",null,"个",1,1656,1656]
["SC201505270033","****公司北京分公司","饰板",2188850674,"个",1,899,899]
["SC201505270033","****公司北京分公司","滤清器","W6011","只",100,109,10900]
["SC201505270033","****公司北京分公司","散热器",null,"个",1,952,952]
["SC201505270033","****公司北京分公司","车窗玻璃",null,"个",1,937,937]
["SC201505270033","****公司北京分公司","滤清器","H829/1X","只",10,92,920]
["SC201505270033","****公司北京分公司","轮毂",null,"个",1,1939,1939]
["SC201505270033","****公司北京分公司","连接器",null,"个",2,988,1976]
["SC201505270033","****公司北京分公司","车门槛",null,"个",1,1213,1213]
["SC201505270033","****公司北京分公司","滤清器","C30003","只",70,65,4550]
["SC201505270033","****公司北京分公司","滤清器","HU821R","只",60,83,4980]
["SC201505270033","****公司北京分公司","缓冲板",null,"个",1,269,269]
["SC201505270033","****公司北京分公司","钢铁卡环",null,"个",8,34,272]
["SC201505270033","****公司北京分公司","隔音板",null,"个",100,251,25100]
["SC201505270033","****公司北京分公司","保险杠用缓冲",null,"个",1,270,270]
["SC201505270033","****公司北京分公司","盖板",null,"个",2,270,540]
["SC201505270033","****公司北京分公司","行李箱底板",null,"个",100,273,27300]
["SC201505270033","****公司北京分公司","滤清器","CUK2132","只",50,106,5300]
["SC201505270033","****公司北京分公司","滤清器","C18114","只",100,176,17600]
["SC201505270033","****公司北京分公司","水箱水",null,"千克",100,29,2900]
["SC201505270033","****公司北京分公司","机油滤芯",null,"个",30,55,1650]
["SC201505270033","****公司北京分公司","装饰环",null,"个",1,258,258]
["SC201505270033","****公司北京分公司","定位件",null,"个",1,262,262]
["SC201505270033","****公司北京分公司","排气软管",null,"个",1,264,264]
["SC201505270033","****公司北京分公司","密封件",null,"个",1,162,162]
["SC201505270033","****公司北京分公司","刮水橡胶条",null,"个",1,168,168]
["SC201505270033","****公司北京分公司","反光器",null,"个",1,170,170]
["SC201505270044","湖北****","密封垫片",null,"件",4,69,276]
["SC201505270044","湖北****","真空软管",null,"个",1,154,154]
["SC201505270044","湖北****","隔热板",null,"个",1,158,158]
["SC201505270044","湖北****","隔板",null,"个",1,158,158]
["SC201505270044","湖北****","格栅",null,"个",1,159,159]
["SC201505270044","湖北****","格栅",null,"个",1,159,159]
["SC201505270044","湖北****","Screw",null,"个",4,40,160]
["SC201505270044","湖北****","滤清器","HU71575X","只",95,179,17005]
["SC201505270044","湖北****","滤清器","CUK2646-2","只",169,119,20111]
["SC201505270044","湖北****","水箱水",null,"千克",100,35,3500]
["SC201505270044","湖北****","拖钩",null,"个",1,21,21]
["SC201505270044","湖北****","饰板",null,"个",1,275,275]
["SC201505270044","湖北****","橡胶垫圈",null,"个",1,24,24]
["SC201505270044","湖北****","螺栓",null,"个",1,24,24]
["SC201505270044","湖北****","O型环",null,"个",1,43,43]
["SC201505270044","湖北****","支架 ",null,"个",1,204,204]
["SC201505270044","湖北****","夹子",null,"个",15,14,210]
["SC201505270044","湖北****","螺母",null,"个",10,21,210]
["SC201505270044","湖北****","倒车报警器",null,"个",1,589,589]
["SC201505270044","湖北****","滤清器","W6011","只",5,119,595]
["SC201505270044","湖北****","滤清器","C28125","只",5,119,595]
["SC201505270044","湖北****","尾灯饰",null,"个",1,606,606]
["SC201505270044","湖北****","橡胶格",null,"个",1,278,278]
["SC201505270044","湖北****","保险杠用支架",null,"个",2,305,610]
["SC201505270044","湖北****","制动盘",null,"个",1,622,622]
["SC201505270044","湖北****","保险杠用定位",null,"个",1,848,848]
["SC201505270044","湖北****","格栅",null,"个",1,841,841]
["SC201505270044","湖北****","摩擦片",null,"个",1,836,836]
["SC201505270044","湖北****","制动器用塑料",null,"个",1,834,834]
["SC201505270044","湖北****","定位件",null,"个",3,266,798]
["SC201505270044","湖北****","按钮",null,"个",1,44,44]
["SC201505270044","湖北****","O形环",null,"个",2,24,48]
["SC201505270044","湖北****","车灯",714027530703,"个",1,4254,4254]
["SC201505270044","湖北****","橡胶制风挡条",null,"个",1,282,282]
["SC201505270044","湖北****","滤清器","C3210","只",75,147,11025]
["SC201505270044","湖北****","滤芯",null,"个",1,106,106]
["SC201505270044","湖北****","螺栓",null,"个",4,27,108]
["SC201505270044","湖北****","机油滤芯",null,"个",1,141,141]
["SC201505270044","湖北****","轴密封环",null,"个",1,138,138]
["SC201505270044","湖北****","饰板",null,"个",1,137,137]
["SC201505270044","湖北****","密封件",null,"个",2,293,586]
["SC201505270044","湖北****","饰板",null,"个",1,579,579]
["SC201505270044","湖北****","盖板",null,"个",1,572,572]
["SC201505270044","湖北****","装饰条",null,"个",1,572,572]
["SC201505270044","湖北****","盖板",20975,"个",2,142,284]
["SC201505270044","湖北****","螺栓",20874,"个",1,46,46]
["SC201505270044","湖北****","仪表板盖罩",null,"个",1,44,44]
["SC201505270044","湖北****","饰板",null,"个",1,731,731]
["SC201505270044","湖北****","支架",null,"个",1,748,748]
["SC201505270044","湖北****","拉杆",null,"个",1,765,765]
["SC201505270044","湖北****","滤清器","CUK29005","只",20,38,760]
["SC201505270044","湖北****","滤清器","CUK2533-2","只",4,223,892]
["SC201505270044","湖北****","镜片",null,"个",1,879,879]
["SC201505270044","湖北****","盖板",null,"个",1,229,229]
["SC201505270044","湖北****","支架",null,"个",1,229,229]
["SC201505270044","湖北****","滤清器","C18114","只",100,176,17600]
["SC201505270044","湖北****","挡板",null,"个",1,227,227]
["SC201505270044","湖北****","车灯",710301229202,"个",1,4881,4881]
["SC201505270044","湖北****","机油",null,"个",100,54,5400]
["SC201505270044","湖北****","饰盖",null,"个",1,153,153]
["SC201505270055","****公司软件部","轮罩盖板",null,"个",1,680,680]
["SC201505270055","****公司软件部","减震器",null,"个",1,195,195]
["SC201505270055","****公司软件部","减震",null,"个",1,195,195]
["SC201505270055","****公司软件部","饰板",null,"个",1,192,192]
["SC201505270055","****公司软件部","定位件",null,"个",1,191,191]
["SC201505270055","****公司软件部","水箱水",null,"千克",200,35,7000]
["SC201505270055","****公司软件部","滤清器","C30139","只",150,87,13050]
["SC201505270055","****公司软件部","滤清器","HU8162","只",310,38,11780]
["SC201505270055","****公司软件部","盲铆钉",null,"个",30,4,120]
["SC201505270055","****公司软件部","定位条",null,"个",1,129,129]
["SC201505270055","****公司软件部","钢铁垫块",null,"个",1,127,127]
["SC201505270055","****公司软件部","轮罩盖板",null,"个",1,681,681]
["SC201505270055","****公司软件部","轮罩盖罩",null,"个",2,63,126]
["SC201505270055","****公司软件部","牌照灯",null,"个",1,125,125]
["SC201505270055","****公司软件部","滤清器","C37100","只",5,25,125]
["SC201505270055","****公司软件部","大灯支架",null,"个",1,119,119]
["SC201505270055","****公司软件部","密封件",null,"件",1,116,116]
["SC201505270055","****公司软件部","雾灯",88894,"个",1,1522,1522]
["SC201505270055","****公司软件部","制动摩擦片",null,"个",10,173,1730]
["SC201505270055","****公司软件部","尾灯",null,"个",1,1479,1479]
["SC201505270055","****公司软件部","踏板",null,"个",1,1462,1462]
["SC201505270055","****公司软件部","滤清器","C43139","只",20,17,340]
["SC201505270055","****公司软件部","饰板",null,"个",1,642,642]
["SC201505270055","****公司软件部","反光器",null,"个",2,170,340]
["SC201505270055","****公司软件部","适配器",null,"个",1,331,331]
["SC201505270055","****公司软件部","轿车车身用连接支架",null,"个",1,330,330]
["SC201505270055","****公司软件部","饰板",null,"个",1,329,329]
["SC201505270055","****公司软件部","固定环",null,"个",1,439,439]
["SC201505270055","****公司软件部","饰条",null,"个",1,438,438]
["SC201505270055","****公司软件部","管道",null,"个",1,438,438]
["SC201505270055","****公司软件部","连接件",null,"个",1,433,433]
["SC201505270055","****公司软件部","连接件",null,"个",1,433,433]
["SC201505270055","****公司软件部","滤清器","CUK25332","只",50,62,3100]
["SC201505270055","****公司软件部","轿车车身用油加",null,"个",1,644,644]
["SC201505270055","****公司软件部","滤清器","HU816ZKIT","只",30,103,3090]
["SC201505270055","****公司软件部","车灯",714027530703,"个",1,4254,4254]
["SC201505270055","****公司软件部","水箱水",null,"千克",100,29,2900]
["SC201505270055","****公司软件部","润滑油",null,"千克",50,33,1650]
["SC201505270055","****公司软件部","机油滤芯",null,"个",58,54,3132]
["SC201505270055","****公司软件部","行李箱底板",null,"个",1,1387,1387]
["SC201505270055","****公司软件部","滤清器","HU816X","只",30,46,1380]
["SC201505270055","****公司软件部","轮罩盖板",null,"个",1,1311,1311]
["SC201505270055","****公司软件部","连接件",null,"个",3,431,1293]
["SC201505270055","****公司软件部","盖板",null,"个",1,1278,1278]
["SC201505270055","****公司软件部","框架",null,"个",1,646,646]
["SC201505270055","****公司软件部","遮阳板",null,"个",1,1233,1233]
["SC201505270055","****公司软件部","定位条",null,"个",1,189,189]
["SC201505270055","****公司软件部","减震器",null,"个",1,185,185]
["SC201505270055","****公司软件部","自动变速箱油",null,"个",2,93,186]
["SC201505270055","****公司软件部","隔热件",null,"个",1,183,183]
["SC201505270055","****公司软件部","螺母",null,"个",2,90,180]
["SC201505270055","****公司软件部","减震器",null,"个",1,180,180]
["SC201505270055","****公司软件部","车门槛",null,"个",1,1444,1444]
["SC201505270055","****公司软件部","尾灯",null,"件",1,1431,1431]
["SC201505270055","****公司软件部","滤清器","CUK2941","只",20,60,1200]
["SC201505270055","****公司软件部","滤清器","C1361","只",10,65,650]
["SC201505270055","****公司软件部","安全带拉紧装置",null,"个",1,991,991]
["SC201505270055","****公司软件部","饮料杯",null,"个",1,1105,1105]
["SC201505270055","****公司软件部","发动机室屏蔽",null,"个",1,1102,1102]
["SC201505270055","****公司软件部","滤清器","CUK8430","只",500,37,18500]
["SC201505270055","****公司软件部","密封件",null,"个",2,270,540]
["SC201505270055","****公司软件部","行李箱盖饰板",null,"个",1,538,538]
["SC201505270055","****公司软件部","液压转向系",null,"件",1,536,536]
["SC201505270055","****公司软件部","支撑条",null,"个",1,529,529]
["SC201505270055","****公司软件部","外部导轨",null,"个",1,522,522]
["SC201505270055","****公司软件部","饰板",null,"个",1,507,507]
["SC201505270055","****公司软件部","软管",null,"个",2,331,662]
["SC201505270055","****公司软件部","喇叭",null,"件",2,378,756]
["SC201505270055","****公司软件部","盖板",null,"个",1,198,198]
["SC201505280011","****公司工程部","软管",null,"个",1,469,469]
["SC201505280011","****公司工程部","侧围",null,"个",1,676,676]
["SC201505280011","****公司工程部","机油滤芯",null,"个",56,54,3024]
["SC201505280011","****公司工程部","饰板",null,"个",1,317,317]
["SC201505280011","****公司工程部","滤清器","CUK8430","只",350,36,12600]
["SC201505280011","****公司工程部","润滑油",null,"千克",62,33,2046]
["SC201505280011","****公司工程部","车灯",710305076001,"个",2,4115,8230]
["SC201505280011","****公司工程部","水箱水",null,"千克",300,35,10500]
["SC201505280011","****公司工程部","滤清器","CUK3172","只",47,148,6956]
["SC201505280011","****公司工程部","饰板",null,"个",2,1232,2464]
["SC201505280011","****公司工程部","涨圈",null,"个",1,361,361]
["SC201505280011","****公司工程部","空压机总成",null,"只",10,1470,14700]
["SC201505280011","****公司工程部","饰件",null,"个",1,466,466]
["SC201505280011","****公司工程部","回流管路",null,"个",1,1763,1763]
["SC201505280011","****公司工程部","滤清器","C25110-2","只",30,84,2520]
["SC201505280011","****公司工程部","尾灯",null,"件",8,306,2448]
["SC201505280011","****公司工程部","轮罩盖板",null,"个",1,676,676]
["SC201505280011","****公司工程部","滤清器","HU938","只",60,89,5340]
["SC201505280011","****公司工程部","牌照垫块",null,"个",1,282,282]
["SC201505280011","****公司工程部","车灯",710301229202,"个",2,4721,9442]
["SC201505280011","****公司工程部","滤清器","C1361","只",99,53,5247]
["SC201505280011","****公司工程部","水箱水",null,"千克",330,34,11220]
["SC201505280022","宁波开****电子有限公司02","空压机总成",null,"只",10,1470,14700]
["SC201505280022","宁波开****电子有限公司02","格栅",null,"个",1,295,295]
["SC201505280022","宁波开****电子有限公司02","隔热",null,"个",1,143,143]
["SC201505280022","宁波开****电子有限公司02","水箱水",null,"千克",352,35,12320]
["SC201505280022","宁波开****电子有限公司02","格栅",null,"个",1,704,704]
["SC201505280022","宁波开****电子有限公司02","制动软管",null,"个",1,376,376]
["SC201505280022","宁波开****电子有限公司02","牌照支架",null,"个",1,281,281]
["SC201505280022","宁波开****电子有限公司02","滤清器","C2716","只",50,113,5650]
["SC201505280022","宁波开****电子有限公司02","水箱水",null,"千克",300,35,10500]
["SC201505280022","宁波开****电子有限公司02","滤清器","HU612","只",20,168,3360]
["SC201505280022","宁波开****电子有限公司02","格栅",null,"个",1,348,348]
["SC201505280033","宁波开****电子有限公司","支架",20876,"个",5,93,465]
["SC201505280033","宁波开****电子有限公司","定位件",null,"个",1,381,381]
["SC201505280033","宁波开****电子有限公司","支架",null,"个",1,458,458]
["SC201505280033","宁波开****电子有限公司","水箱水",null,"千克",160,35,5600]
["SC201505280033","宁波开****电子有限公司","行李箱盖",null,"个",1,460,460]
["SC201505280033","宁波开****电子有限公司","燃油管",null,"个",1,379,379]
["SC201505280033","宁波开****电子有限公司","USB插口",null,"个",1,739,739]
["SC201505280033","宁波开****电子有限公司","饮料杯架",null,"个",1,887,887]
["SC201505280033","宁波开****电子有限公司","水箱水",null,"千克",100,35,3500]
["SC201505280033","宁波开****电子有限公司","滤清器","CUK8430","只",500,36,18000]
["SC201505280033","宁波开****电子有限公司","车灯",710305076001,"个",3,4115,12345]

{"sheet":"Sheet2","index":1,"n_rows":0,"n_cols":0,"rows_kept":0,"flags":["formulas_cached_only"]}

{"sheet":"Sheet3","index":2,"n_rows":67,"n_cols":12,"rows_kept":67,"flags":["formulas_cached_only"]}
["序号","送货单编号","物料名称","规格","料品编号","SAP码","单位","出库日期","销货数量","单价\n(不含税）","金额\n（不含税）","含税金额"]
[1,"CH001641","RV1.5mm²_黄/绿色电线217760",4501725956,"C01D5047",217760,"米","2016-05-09",800,0.9016,721.28,{"v":843.8975999999999,"d":"843.90"}]
[2,"CH001641","RV_1.5_黄色电线217766",4501725950,"C01D5015",217766,"米","2016-05-09",1000,0.9016,{"v":901.5999999999999,"d":"901.60"},{"v":1054.8719999999998,"d":"1054.87"}]
[3,"CH001641","RV_1.5_黄色电线217766",4501725949,"C01D5015",217766,"米","2016-05-09",1000,0.9016,{"v":901.5999999999999,"d":"901.60"},{"v":1054.8719999999998,"d":"1054.87"}]
[4,"CH001641","RV_1.5mm²_红色电线217765",4501725951,"C01D5001",217765,"米","2016-05-09",1000,0.9016,{"v":901.5999999999999,"d":"901.60"},{"v":1054.8719999999998,"d":"1054.87"}]
[5,"CH001641","RV_1.5_绿色电线217767",4501725954,"C01D5014",217767,"米","2016-05-09",1000,0.9016,{"v":901.5999999999999,"d":"901.60"},{"v":1054.8719999999998,"d":"1054.87"}]
[6,"CH001641","RV_1.5mm²_红色电线217765",4501725952,"C01D5001",217765,"米","2016-05-09",1000,0.9016,{"v":901.5999999999999,"d":"901.60"},{"v":1054.8719999999998,"d":"1054.87"}]
[7,"CH001641","RV_1.5_绿色电线217767",4501725955,"C01D5014",217767,"米","2016-05-09",1000,0.9016,{"v":901.5999999999999,"d":"901.60"},{"v":1054.8719999999998,"d":"1054.87"}]
[8,"CH001641","RV2.5mm²_绿色电线217785",4501725965,"C02D5033",217785,"米","2016-05-09",1000,{"v":1.4405999999999999,"d":"1.4406"},{"v":1440.6,"d":"1440.60"},{"v":1685.5019999999997,"d":"1685.50"}]
[9,"CH001641","RV2.5mm²_红色电线217784",4501725963,"C02D5022",217784,"米","2016-05-09",1000,{"v":1.4405999999999999,"d":"1.4406"},{"v":1440.6,"d":"1440.60"},{"v":1685.5019999999997,"d":"1685.50"}]
[10,"CH001642","RVV3×1.5mm²圆缆1148180",4501718792,"C1003026",1148180,"米","2016-05-09",500,{"v":3.8,"d":"3.8000"},{"v":1900,"d":"1900.00"},{"v":2223,"d":"2223.00"}]
[11,"CH001642","RVV3×1.5mm²圆缆1148180",4501718793,"C1003026",1148180,"米","2016-05-09",500,{"v":3.8,"d":"3.8000"},{"v":1900,"d":"1900.00"},{"v":2223,"d":"2223.00"}]
[12,"CH001643","BVR50mm²_黄绿色电线1040379",4501724142,"C0005037",1040379,"米","2016-05-09",100,{"v":28.22,"d":"28.2200"},{"v":2822,"d":"2822.00"},3301.74]
[13,"CH001644","RV10_黄绿十字相间电线217777",4501721660,"C0010008",217777,"米","2016-05-09",300,{"v":6.45,"d":"6.4500"},{"v":1935,"d":"1935.00"},2263.95]
[14,"CH001644","RV10mm²_红色电线217769",4501721657,"C0001007",217769,"米","2016-05-09",300,{"v":6.45,"d":"6.4500"},{"v":1935,"d":"1935.00"},2263.95]
[15,"CH001644","RV10mm²_黄色电线217770",4501721658,"C0001015",217770,"米","2016-05-09",300,{"v":6.45,"d":"6.4500"},{"v":1935,"d":"1935.00"},2263.95]
[16,"CH001644","RV10mm²_绿色电线217771",4501721659,"C0001014",217771,"米","2016-05-09",300,{"v":6.45,"d":"6.4500"},{"v":1935,"d":"1935.00"},2263.95]
[17,"CH001645","RV10mm²_黄色电线217770",4501728057,"C0001015",217770,"米","2016-05-10",100,{"v":6.45,"d":"6.4500"},{"v":645,"d":"645.00"},754.65]
[18,"CH001645","RV10mm²_红色电线217769",4501728059,"C0001007",217769,"米","2016-05-10",100,{"v":6.45,"d":"6.4500"},{"v":645,"d":"645.00"},754.65]
[19,"CH001645","RV10mm²_绿色电线217771",4501728063,"C0001014",217771,"米","2016-05-10",300,{"v":6.45,"d":"6.4500"},{"v":1935,"d":"1935.00"},2263.95]
[20,"CH001645","RV2.5mm²_红色电线217784",4501745416,"C02D5022",217784,"米","2016-05-10",1000,{"v":1.4405999999999999,"d":"1.4406"},{"v":1440.6,"d":"1440.60"},{"v":1685.5019999999997,"d":"1685.50"}]
[21,"CH001650","RV10_黄绿十字相间电线217777",4501728066,"C0010008",217777,"米","2016-05-18",300,{"v":6.45,"d":"6.4500"},{"v":1935,"d":"1935.00"},2263.95]
[22,"CH001666","RV1.5mm²_黄/绿色电线217760",4501725956,"C01D5047",217760,"米","2016-05-18",1200,0.9016,{"v":1081.9199999999998,"d":"1081.92"},{"v":1265.8463999999997,"d":"1265.85"}]
[23,"CH001666","RV6mm²_绿色电线217752",4501716776,"C0000602",217752,"米","2016-05-18",200,3.5573,711.46,{"v":832.4082,"d":"832.41"}]
[24,"CH001666","RV6mm²_绿色电线217752",4501745417,"C0000602",217752,"米","2016-05-18",200,3.5573,711.46,{"v":832.4082,"d":"832.41"}]
[25,"CH001666","RV6mm²_红色电线217750",4501729278,"C0000620",217750,"米","2016-05-18",600,3.5573,2134.38,{"v":2497.2246,"d":"2497.22"}]
[26,"CH001666","RV6mm²_绿色电线217752",4501729277,"C0000602",217752,"米","2016-05-18",600,3.5573,2134.38,{"v":2497.2246,"d":"2497.22"}]
[27,"CH001666","RV6mm²_黄色电线217755",4501720442,"C0000603",217755,"米","2016-05-18",200,3.5573,711.46,{"v":832.4082,"d":"832.41"}]
[28,"CH001681","YAEP999三系统_主电控柜电控组件399848",4501706068,"D0011942",399848,"套","2016-05-23",1,{"v":9377.39,"d":"9377.3900"},9377.39,{"v":10971.546299999998,"d":"10971.55"}]
[29,"CH001681","YAEP999从电控柜电控组件399852",4501706068,"D0011943",399852,"套","2016-05-23",1,{"v":7547.8,"d":"7547.8000"},{"v":7547.8,"d":"7547.80"},{"v":8830.926,"d":"8830.93"}]
[30,"CH001688","YAEP777主电控柜电控组件399832",4501706068,"D0016720",399832,"套","2016-05-23",1,{"v":8916.7,"d":"8916.7000"},{"v":8916.7,"d":"8916.70"},{"v":10432.539,"d":"10432.54"}]
[31,"CH001688","YAEP997副电控柜电控组件399844",4501706068,"D0013039",399844,"套","2016-05-23",1,{"v":7305.75,"d":"7305.7500"},7305.75,{"v":8547.727499999999,"d":"8547.73"}]
[32,"CH001688","YAEP_7压缩机接线盒1\r接线盒\r710248",4501706068,"D0010390",710248,"件","2016-05-23",1,{"v":1636.85,"d":"1636.8500"},1636.85,{"v":1915.1144999999997,"d":"1915.11"}]
[33,"CH001688","YAEP_7压缩机接线盒2\r接线盒\r710249",4501706068,"D0010391",710249,"件","2016-05-23",1,{"v":1636.85,"d":"1636.8500"},1636.85,{"v":1915.1144999999997,"d":"1915.11"}]
[34,"CH001688","7压缩机接线盒3接线盒710250",4501706068,"D0012281",710250,"套","2016-05-23",1,{"v":1636.85,"d":"1636.8500"},1636.85,{"v":1915.1144999999997,"d":"1915.11"}]
[35,"CH001693","YAEP777主电控柜电控组件399832",4501706068,"D0016720",399832,"套","2016-05-23",1,{"v":8916.7,"d":"8916.7000"},{"v":8916.7,"d":"8916.70"},{"v":10432.539,"d":"10432.54"}]
[36,"CH001693","YAEP997副电控柜电控组件399844",4501706068,"D0013039",399844,"套","2016-05-23",1,{"v":7305.75,"d":"7305.7500"},7305.75,{"v":8547.727499999999,"d":"8547.73"}]
[37,"CH001693","YAEP77单点负荷电控组件402546",4501706068,"D0010379",402546,"件","2016-05-23",2,{"v":8865.3,"d":"8865.3000"},{"v":17730.6,"d":"17730.60"},{"v":20744.801999999996,"d":"20744.80"}]
[38,"CH001693","YAEP_7压缩机接线盒1\r接线盒\r710248",4501706068,"D0010390",710248,"件","2016-05-23",3,{"v":1636.85,"d":"1636.8500"},{"v":4910.549999999999,"d":"4910.55"},{"v":5745.343499999999,"d":"5745.34"}]
[39,"CH001693","YAEP_7压缩机接线盒2\r接线盒\r710249",4501706068,"D0010391",710249,"件","2016-05-23",3,{"v":1636.85,"d":"1636.8500"},{"v":4910.549999999999,"d":"4910.55"},{"v":5745.343499999999,"d":"5745.34"}]
[40,"CH001693","YAEP_7压缩机接线盒3接线盒710250",4501706068,"D0012281",710250,"套","2016-05-23",1,{"v":1636.85,"d":"1636.8500"},1636.85,{"v":1915.1144999999997,"d":"1915.11"}]
[41,"CH001693","YAEP_9压缩机接线盒1\r接线盒\r710282",4501689273,"D0010393",710282,"件","2016-05-23",1,{"v":1898.59,"d":"1898.5900"},1898.59,{"v":2221.3502999999996,"d":"2221.35"}]
[42,"CH001693","YAEP_9压缩机接线盒2\r接线盒\r710283",4501689273,"D0010394",710283,"件","2016-05-23",1,{"v":1898.59,"d":"1898.5900"},1898.59,{"v":2221.3502999999996,"d":"2221.35"}]
[43,"CH001693","YAEP_9压缩机接线盒3接线盒\r710284",4501706068,"D0010395",710284,"件","2016-05-23",1,{"v":1908.14,"d":"1908.1400"},1908.14,{"v":2232.5238,"d":"2232.52"}]
[44,"CH001694","YAEP97(多点熔芯)\r电控组件402555",4501712961,"D0010373",402555,"件","2016-05-23",1,{"v":9520.61,"d":"9520.6100"},9520.61,{"v":11139.1137,"d":"11139.11"}]
[45,"CH001694","YAEP_7压缩机接线盒2\r接线盒\r710249",4501712961,"D0010391",710249,"件","2016-05-23",1,{"v":1636.85,"d":"1636.8500"},1636.85,{"v":1915.1144999999997,"d":"1915.11"}]
[46,"CH001694","YAEP_9压缩机接线盒1\r接线盒\r710282",4501712961,"D0010393",710282,"件","2016-05-23",1,{"v":1898.59,"d":"1898.5900"},1898.59,{"v":2221.3502999999996,"d":"2221.35"}]
[47,"CH001696","RV10mm²_黄色电线217770",4501728057,"C0001015",217770,"米","2016-05-23",200,{"v":6.45,"d":"6.4500"},{"v":1290,"d":"1290.00"},{"v":1509.3,"d":"1509.30"}]
[48,"CH001696","RV10mm²_黄色电线217770",4501728058,"C0001015",217770,"米","2016-05-23",300,{"v":6.45,"d":"6.4500"},{"v":1935,"d":"1935.00"},2263.95]
[49,"CH001696","RV10mm²_红色电线217769",4501728060,"C0001007",217769,"米","2016-05-23",300,{"v":6.45,"d":"6.4500"},{"v":1935,"d":"1935.00"},2263.95]
[50,"CH001696","RV10mm²_红色电线217769",4501728059,"C0001007",217769,"米","2016-05-23",200,{"v":6.45,"d":"6.4500"},{"v":1290,"d":"1290.00"},{"v":1509.3,"d":"1509.30"}]
[51,"CH001698","RV2.5mm²_绿色电线217785",4501741760,"C02D5033",217785,"米","2016-05-23",1000,{"v":1.4405999999999999,"d":"1.4406"},{"v":1440.6,"d":"1440.60"},{"v":1685.5019999999997,"d":"1685.50"}]
[52,"CH001698","RV6mm²_黄色电线217755",4501741764,"C0000603",217755,"米","2016-05-23",600,3.5573,2134.38,{"v":2497.2246,"d":"2497.22"}]
[53,"CH001698","RV_1.5_绿色电线217767",4501741756,"C01D5014",217767,"米","2016-05-23",1000,0.9016,{"v":901.5999999999999,"d":"901.60"},{"v":1054.8719999999998,"d":"1054.87"}]
[54,"CH001698","RV_1.5mm²_红色电线217765",4501741754,"C01D5001",217765,"米","2016-05-23",1000,0.9016,{"v":901.5999999999999,"d":"901.60"},{"v":1054.8719999999998,"d":"1054.87"}]
[55,"CH001698","RV_1.5_黄色电线217766",4501741755,"C01D5015",217766,"米","2016-05-23",1000,0.9016,{"v":901.5999999999999,"d":"901.60"},{"v":1054.8719999999998,"d":"1054.87"}]
[56,"CH001698","RV2.5mm²_黄绿_49/0.25电线217756",4501741758,"C02D5042",217756,"米","2016-05-23",1000,{"v":1.4405999999999999,"d":"1.4406"},{"v":1440.6,"d":"1440.60"},{"v":1685.5019999999997,"d":"1685.50"}]
[57,"CH001698","RV4mm²_绿色电线217751",4501741763,"C0000426",217751,"米","2016-05-23",800,{"v":2.41,"d":"2.4100"},{"v":1928,"d":"1928.00"},{"v":2255.7599999999998,"d":"2255.76"}]
[58,"CH001698","RV2.5mm²_黄色电线217753",4501741757,"C02D5032",217753,"米","2016-05-23",1000,{"v":1.4405999999999999,"d":"1.4406"},{"v":1440.6,"d":"1440.60"},{"v":1685.5019999999997,"d":"1685.50"}]
[59,"CH001698","RV4mm²_红色电线217749",4501741762,"C0000411",217749,"米","2016-05-23",800,{"v":2.41,"d":"2.4100"},{"v":1928,"d":"1928.00"},{"v":2255.7599999999998,"d":"2255.76"}]
[60,"CH001737","RV10_黄绿十字相间电线217777",4501744479,"C0010008",217777,"米","2016-05-30",200,{"v":6.45,"d":"6.4500"},{"v":1290,"d":"1290.00"},{"v":1509.3,"d":"1509.30"}]
[61,"CH001737","RV10mm²_绿色电线217771",4501744478,"C0001014",217771,"米","2016-05-30",300,{"v":6.45,"d":"6.4500"},{"v":1935,"d":"1935.00"},2263.95]
[62,"CH001741","RV6mm²_绿色电线217752",4501745417,"C0000602",217752,"米","2016-05-30",400,3.5573,1422.92,{"v":1664.8164,"d":"1664.82"}]
[63,"CH001741","RVV3×1.5mm²圆缆1148180",4501744477,"C1003026",1148180,"米","2016-05-30",500,{"v":3.8,"d":"3.8000"},{"v":1900,"d":"1900.00"},{"v":2223,"d":"2223.00"}]
[64,"CH001741","RVV3×1.5mm²圆缆1148180",4501744476,"C1003026",1148180,"米","2016-05-30",500,{"v":3.8,"d":"3.8000"},{"v":1900,"d":"1900.00"},{"v":2223,"d":"2223.00"}]
[65,"CH001742","RV10_黄绿十字相间电线217777",4501744479,"C0010008",217777,"米","2016-05-30",100,{"v":6.45,"d":"6.4500"},{"v":645,"d":"645.00"},754.65]
[66,"CH001742","RV10mm²_红色电线217769",4501747607,"C0001007",217769,"米","2016-05-30",300,{"v":6.45,"d":"6.4500"},{"v":1935,"d":"1935.00"},2263.95]